LIBRARY ONLINE CATALOGUE

Teaching Music with purpose (Record no. 15898)

MARC details
000 -LEADER
fixed length control field 00528nam a2200169 4500
008 - FIXED-LENGTH DATA ELEMENTS--GENERAL INFORMATION
fixed length control field 160322b xxu||||| |||| 00| 0 eng d
020 ## - INTERNATIONAL STANDARD BOOK NUMBER
International Standard Book Number 1574630763
040 ## - CATALOGING SOURCE
Original cataloging agency KABU
Transcribing agency KABU
050 ## - LIBRARY OF CONGRESS CALL NUMBER
Classification number MT 85
Item number .B 66
100 ## - MAIN ENTRY--PERSONAL NAME
Personal name Boonshaft,Loel,Peter
245 ## - TITLE STATEMENT
Title Teaching Music with purpose
Remainder of title conducting, rehearsing and inspiring
250 ## - EDITION STATEMENT
Edition statement 1st
260 ## - PUBLICATION, DISTRIBUTION, ETC. (IMPRINT)
Place of publication, distribution, etc. Galeville
Name of publisher, distributor, etc. Neredith Music Publications
Date of publication, distribution, etc. 2006
300 ## - PHYSICAL DESCRIPTION
Extent xii,243p.
650 ## - SUBJECT ADDED ENTRY--TOPICAL TERM
Topical term or geographic name as entry element Music
General subdivision Instruction &study
942 ## - ADDED ENTRY ELEMENTS (KOHA)
Source of classification or shelving scheme Library of Congress Classification
Koha item type General Collection
Edition 1st
Classification part MT.B66 2006 C.1

No items available.